000 00921nam a2200229 a 4500
999 _c12614
_d12614
001 12614
003 BD-JhCC
005 20221017093415.0
008 221017b2021 bg |||| |||| 000 0 mul d
035 _a(BD-JhCC)12614
040 _aBD-JhCC
_dBD-JhCC
041 _aBangla
041 _aArabic
082 _a297.5
_bAZA 2021
100 _aআজাদ, হাফেজ মাওলানা মুফতি আব্দুর রহমান
245 _aরুহানী রোগ ও তার চিকিৎসা :
_bকুরআন-হাদীসের দলিলসহ /
_cহাফেজ মাওলানা মুফতি আব্দুর রহমান আজাদ
260 _aঢাকা :
_bমাকতাবুল আযীয,
_c২০২১।
300 _a৪৩২ পৃ. :
_c২২ সেমি.
650 _aSpiritual disease
650 _aBioethics (Islam)
942 _2ddc
_cBK